|
|
|
|
| LEADER |
00000nab a2200000 a 4500 |
| 001 |
vtls008874593 |
| 003 |
SK-MaSNL |
| 005 |
20260304134418.0 |
| 008 |
250505c2005 xo 0 slo |
| 015 |
|
|
|a SNBCL2005/5
|
| 035 |
|
|
|a SLK036367
|
| 035 |
|
|
|a urn:nbn:sk:snk-abyc8
|
| 035 |
|
|
|a (urnnbn)urn:nbn:sk:snk:ar-a03xgk
|
| 035 |
|
|
|a (uuid)df8266ed-17dc-402c-860f-528a041ea806
|
| 040 |
|
|
|a SNKBUCL
|b slo
|c SNKBUCL
|e AACR2
|
| 041 |
0 |
|
|a slo
|
| 044 |
|
|
|a xo
|c SK
|
| 080 |
|
|
|a 616.89-008.442.6-052:615.1
|2 1981
|
| 100 |
1 |
|
|a Oleárová, Anna,
|d 1980-
|4 aut
|9 197335
|
| 245 |
1 |
0 |
|a Psychológia za tárou - komunikácia v lekárni s narcistickým (sebazbožňujúcim) typom pacienta
|c Anna Oleárová
|
| 300 |
|
|
|b Obr.
|
| 650 |
0 |
7 |
|a služby lekárenské komunálne
|2 MESH
|9 1428691
|
| 650 |
0 |
7 |
|a komunikácia
|2 MESH
|9 1362
|
| 650 |
0 |
7 |
|a narcizmus
|2 MESH
|9 23458
|
| 650 |
0 |
7 |
|a pacienti
|x psychológia
|2 MESH
|9 1429353
|
| 650 |
0 |
7 |
|a psychológia
|2 MESH
|9 807
|
| 773 |
0 |
|
|t Lekárnické listy
|g Roč. 7, č. 12 (2005), s. 24
|x 1335-5821
|
| 850 |
|
|
|a Slovenská národná knižnica
|
| 852 |
|
|
|a Slovenská národná knižnica
|
| 954 |
|
|
|a odborná, vedecká literatúra pôvodná (slovenská)
|2 lita
|
| 958 |
|
|
|a article27
|
| 958 |
|
|
|a OND
|
| 958 |
|
|
|a EUIPO
|
| 999 |
|
|
|c 2906739
|d 2908669
|